000
00333nam a2200157Ia 4500
100
_a
Kelly Al/ Pohl/ Ira
250
_a
4
942
_c
BK
654
_a
Computer
245
_a
A Book of C: Programming in C
260
_b
Addison Wesly
_c
1998
082
_a
005.13'C'
_b
KEL
300
_a
726
546
_a
ENGLISH
999
_c
31441
_d
31441